000 00277nam a22001097a 4500
040 _cSK
082 _a338
100 _aសរ សារុន
245 _aអធិប្បាយទស្សនៈវិជ្ជា
260 _aRUA
_bសរ សារុន
_c1974
942 _cKB
999 _c8421
_d8421